Planes for brains : (Registro nro. 10288)

Detalles MARC
000 -LEADER
campo de control de longitud fija 02798cam a22004934i 4500
003 - IDENTIFICADOR DE NÚMERO DE CONTROL
campo de control PE-LiUPU
005 - FECHA Y HORA DE LA ÚLTIMA TRANSACCIÓN
campo de control 20250731183349.0
008 - DATOS DE LONGITUD FIJA--INFORMACIÓN GENERAL
campo de control de longitud fija 110517s2011 ja a er 000 0 eng d
020 ## - NÚMERO INTERNACIONAL ESTÁNDAR DEL LIBRO
Número Internacional Estándar del Libro 4805311495
020 ## - NÚMERO INTERNACIONAL ESTÁNDAR DEL LIBRO
Número Internacional Estándar del Libro 9784805311493
035 ## - NÚMERO DE CONTROL DEL SISTEMA
Número de control de sistema (Sirsi) i9784805311493
040 ## - FUENTE DE CATALOGACIÓN
Centro catalogador/agencia de origen CNEDM
Lengua de catalogación spa
Centro/agencia transcriptor CNEDM
Centro/agencia modificador OCLCO
-- T3N
-- OCLCF
-- NZRPM
-- JNE
-- OCLCQ
-- PE-LiUPU
Normas de descripción rda
050 00 - SIGNATURA TOPOGRÁFICA DE LA BIBLIOTECA DEL CONGRESO
Número de clasificación TT870
Número de ítem .L234383 2011
082 04 - NÚMERO DE LA CLASIFICACIÓN DECIMAL DEWEY
Número de clasificación 736.982
Cutter L15
Número de edición 23
100 1# - ENTRADA PRINCIPAL--NOMBRE DE PERSONA
Nombre de persona LaFosse, Michael G.,
Término indicativo de función/relación autor.
245 10 - MENCIÓN DEL TÍTULO
Título Planes for brains :
Resto del título 28 innovative origami airplane designs /
Mención de responsabilidad, etc. Michael G. LaFosse, Richard L. Alexander.
250 ## - MENCION DE EDICION
Mención de edición First edition.
264 ## - PRODUCCIÓN, PUBLICACIÓN, DISTRIBUCIÓN, FABRICACIÓN Y COPYRIGHT
Producción, publicación, distribución, fabricación y copyright Tokyo :
Nombre del de productor, editor, distribuidor, fabricante Tuttle Publishing,
Fecha de producción, publicación, distribución, fabricación o copyright 2011.
300 ## - DESCRIPCIÓN FÍSICA
Extensión 96 páginas :
Otras características físicas ilustraciones ;
Dimensiones 29 centímetros
336 ## - TIPO DE CONTENIDO
Término de tipo de contenido text
Fuente rdacontent
337 ## - TIPO DE MEDIO
Nombre/término del tipo de medio unmediated
Fuente rdamedia
338 ## - TIPO DE SOPORTE
Nombre/término del tipo de soporte volume
Fuente rdacarrier
505 8# - NOTA DE CONTENIDO CON FORMATO
Nota de contenido con formato Chapter 1: Selecting and Preparing Your Paper -- Chapter 2: Masterful Folding Techniques -- Chapter 3: Designing Exceptional Paper Airplanes -- Chapter 4: The Planes: -- The Stacked Over Logan -- The Chuck Finn -- The Finger Winger -- The Art-Deco Wing -- The Shuttle Dart -- The Arrow -- The Rodney -- The Stormin' Norman -- The Flying Fox -- The F-102 Delta Jet -- The F-14 Tomcat -- The Sky Cruiser -- The Transfusion -- The Lock Nose Darts -- Lock Nose Dart: US Letter Paper Variation A -- Lock Nose Dart: US Letter Paper Variation B -- Lock Nose Dart: Square Paper Version -- Lock Nose Dart: A4 Letter Paper Version -- The Double-Flap Nose Lock Glider -- The Pelican -- The Nifty Fifty -- The House Fly -- The Canard Cruiser -- The Fuselage-Lock Sweet Dart -- The Safe-T-Dart -- The STDC (Safe-T-Dart with Canard) -- The Whisker Jet -- The Duck Bill Dollar Canard -- The Maple Seed -- Chapter 5: Hosting a Paper Airplane Competition.
526 ## - NOTA DE INFORMACIÓN SOBRE EL PROGRAMA DE ESTUDIO
Nombre del programa Maestría Bim Facility Management (A distancia)
526 ## - NOTA DE INFORMACIÓN SOBRE EL PROGRAMA DE ESTUDIO
Nombre del programa
526 ## - NOTA DE INFORMACIÓN SOBRE EL PROGRAMA DE ESTUDIO
Nombre del programa Educación musical y artes
526 ## - NOTA DE INFORMACIÓN SOBRE EL PROGRAMA DE ESTUDIO
Nombre del programa Educación, especialidad educación física
526 ## - NOTA DE INFORMACIÓN SOBRE EL PROGRAMA DE ESTUDIO
Nombre del programa Arquitectura
541 ## - NOTA DE FUENTE DE ADQUISICIÓN DIRECTA
-- 003-001196;
596 ## -
-- 1
650 #0 - PUNTO DE ACCESO ADICIONAL DE MATERIA--TÉRMINO DE MATERIA
Término de materia o nombre geográfico como elemento de entrada Aviones en el arte
650 #0 - PUNTO DE ACCESO ADICIONAL DE MATERIA--TÉRMINO DE MATERIA
Término de materia o nombre geográfico como elemento de entrada Origami.
650 #7 - PUNTO DE ACCESO ADICIONAL DE MATERIA--TÉRMINO DE MATERIA
Término de materia o nombre geográfico como elemento de entrada Artes y aficiones
Subdivisión general Origami.
Fuente del encabezamiento o término bisacsh
650 #7 - PUNTO DE ACCESO ADICIONAL DE MATERIA--TÉRMINO DE MATERIA
Término de materia o nombre geográfico como elemento de entrada Artes y aficiones
Subdivisión general Productos artesanales de papel.
650 #7 - PUNTO DE ACCESO ADICIONAL DE MATERIA--TÉRMINO DE MATERIA
Término de materia o nombre geográfico como elemento de entrada Aviones en el arte.
650 #7 - PUNTO DE ACCESO ADICIONAL DE MATERIA--TÉRMINO DE MATERIA
Término de materia o nombre geográfico como elemento de entrada Origami.
650 #7 - PUNTO DE ACCESO ADICIONAL DE MATERIA--TÉRMINO DE MATERIA
Término de materia o nombre geográfico como elemento de entrada TRANSPORTE
Subdivisión general Aviación
-- General.
700 1# - ENTRADA AGREGADA--NOMBRE PERSONAL
Nombre de persona Alexander, Richard L.,
Fechas asociadas al nombre 1953- ,
Término indicativo de función/relación autor.
910 ## - DATOS DE OPCIÓN DEL USUARIO (OCLC)
Datos de opción del usuario jck
-- ebj
-- ebj
-- 20160630
942 ## - ELEMENTOS DE ENTRADA SECUNDARIOS (KOHA)
Fuente del sistema de clasificación o colocación Clasificación Decimal Dewey
Tipo de ítem Koha
949 ## - PROCESAMIENTO DE INFORMACIÓN LOCAL (OCLC)
a 736.982 L15
w DEWEY
c 1
i 73816
l CATALOGING
m BUL
p 12.15
r 0
s Y
t BOOK
u 30/06/16
x INGENIERIA
-- P06
o .STAFF. Colección General
0 compra
994 ## -
-- C0
-- PEPRU
999 ## - NÚMEROS DE CONTROL DE SISTEMA (KOHA)
-- DEWEY
-- 73816
-- 2019-10-27
-- 2021-11-10
-- 7
-- CCODEBUL1
-- BUL
-- 5
-- 12.15
-- 2
-- 0
-- Y
-- BOOK
-- 2016-6-30
-- INGENIERIA
-- P06
-- COMPRA
-- .STAFF. Colección General
980 ## - EQUIVALENCIA O REFERENCIA-CRUZADA-MENCIÓN DE SERIE--NOMBRE DE PERSONA/TÍTULO [LOCAL, CANADÁ]
ID del último usuario que modificó el registro 1
Nombre del último usuario que modificó el registro ALBERTO SANCHEZ Responsable de Automatización
Existencias
Visto por última vez Número de inventario Total de préstamos Renovaciones totales Signatura topográfica completa Código de barras Fecha del último préstamo Copia número Coste, precio de reemplazo Fecha de reemplazo Facultad Tipo de ítem Koha Nota pública Estado de pérdida Fuente del sistema de clasificación o colocación Restricciones de uso No para préstamo Colección Programa académico Biblioteca de origen Biblioteca actual Ubicación en estantería Fecha de adquisición Fuente de adquisición Coste, precio normal de compra
2025-12-03 8 10 1 736.982 L15 73816 2025-11-17 e1 17.15 2016-06-30 FIA Libros físicos inventario-2023-12-13 No Perdido Clasificación Decimal Dewey No restringido Disponible para préstamos Colección General Arquitectura Biblioteca CRAI UPeU Lima Biblioteca CRAI UPeU Lima Sala principal 2016-06-30 COMPRA 12.15